000 00534cam a22001814a 4500
005 20250605164243.0
008 250528s ||||||||||||||||||||||||d
035 _a21395
040 _aGR-AtMCL
_bgre
_dGR-AtMCL
_eAACR2
245 1 _aΘΕΜΑΤΑ ΧΡΗΜΑΤΟΟΙΚΟΝΟΜΙΚΗΣ ΔΙΟΙΚΗΣΕΩΣ ΜΕΡΟΣ Β
250 _a3
260 _bΑδελφοι Κυριακιδη,
_c1996
300 _a334
700 1 _aΕυθυμογλου Προδρομος Γ
_97442
942 _cBK
999 _c6458
_d6458